[Event "Southend Easter op 64th"]
[Site "Southend"]
[Date "2022.04.17"]
[Round "6"]
[White "Kesterson, Kennan"]
[Black "Hebbes, Tim"]
[Result "1/2-1/2"]
[WhiteElo "1829"]
[BlackElo "2049"]
[PlyCount "82"]
[EventDate "2022.04.15"]
[EventType "swiss"]
[EventRounds "7"]
[EventCountry "ENG"]
[SourceTitle "CBM 207 Extra"]
[Source "ChessBase"]
[SourceDate "2022.05.31"]
[SourceVersion "1"]
[SourceVersionDate "2022.05.31"]
[SourceQuality "1"]

1. e4 e6 2. d4 d5 3. Nd2 Nc6 4. Ngf3 Nf6 5. exd5 exd5 6. c3 Bd6 7. Bd3 Qe7+ 8. Qe2 0-0 9. Qxe7 Nxe7 10. Nb3 b6 11. Bg5 Ne4 12. Bxe4 dxe4 13. Nfd2 Bb7 14. Nc4 Nf5 15. Nxd6 Nxd6 16. 0-0-0 Rae8 17. Be3 f5 18. g3 Rf7 19. d5 Re5 20. Bf4 Rxd5 21. Rxd5 Bxd5 22. Bxd6 cxd6 23. Rd1 Bxb3 24. axb3 Rf6 25. Kd2 Kf7 26. Ke3 Re6 27. Rd5 Kf6 28. c4 g6 29. b4 Ke7 30. Kd4 Kd7 31. b5 Re7 32. b4 Ke6 33. Ke3 Rc7 34. Kd4 Rc8 35. h4 Rc7 36. Kc3 h5 37. Rd1 Rd7 38. Kd4 Rc7 39. Ra1 Rb7 40. Ra2 Rd7 41. Ra1 Rc7 1/2-1/2

[Event "Southend Easter op 64th"]
[Site "Southend"]
[Date "2022.04.16"]
[Round "4"]
[White "Kesterson, Kennan"]
[Black "Davis Loades, Alex"]
[Result "1-0"]
[WhiteElo "1829"]
[BlackElo "1837"]
[PlyCount "89"]
[EventDate "2022.04.15"]
[EventType "swiss"]
[EventRounds "7"]
[EventCountry "ENG"]
[SourceTitle "CBM 207 Extra"]
[Source "ChessBase"]
[SourceDate "2022.05.31"]
[SourceVersion "1"]
[SourceVersionDate "2022.05.31"]
[SourceQuality "1"]

1. e4 e5 2. Nf3 Nc6 3. Bc4 Bc5 4. c3 Nf6 5. d3 d6 6. Nbd2 0-0 7. Bb3 h6 8. h3 a6 9. Nf1 Be6 10. Ng3 d5 11. Qe2 dxe4 12. dxe4 Bxb3 13. axb3 Qe7 14. 0-0 Qe6 15. b4 Bb6 16. Nf5 Ne7 17. N3h4 Kh7 18. Be3 Bxe3 19. Qxe3 Nfg8 20. Qc5 Nxf5 21. Nxf5 Rac8 22. Rfd1 g6 23. Ne3 Nf6 24. f3 Nh5 25. Rd2 Nf4 26. Rad1 b6 27. Qc4 Qxc4 28. Nxc4 Rfe8 29. Ne3 c5 30. Rd7 Kg7 31. bxc5 Rxc5 32. Rb7 Rb5 33. Rdd7 Rxb2 34. Rxf7+ Kg8 35. Ng4 Rxg2+ 36. Kf1 Rxg4 37. hxg4 h5 38. gxh5 gxh5 39. Rg7+ Kh8 40. Rge7 Rd8 41. Rxe5 Rd1+ 42. Kf2 Nd3+ 43. Ke2 Nxe5 44. Kxd1 Nxf3 45. Rxb6 1-0

[Event "Southend Easter op 64th"]
[Site "Southend"]
[Date "2022.04.15"]
[Round "1"]
[White "Walker, Martin Graham"]
[Black "Kesterson, Kennan"]
[Result "1-0"]
[WhiteElo "2187"]
[BlackElo "1829"]
[PlyCount "85"]
[EventDate "2022.04.15"]
[EventType "swiss"]
[EventRounds "7"]
[EventCountry "ENG"]
[SourceTitle "CBM 207 Extra"]
[Source "ChessBase"]
[SourceDate "2022.05.31"]
[SourceVersion "1"]
[SourceVersionDate "2022.05.31"]
[SourceQuality "1"]

1. g4 d5 2. Bg2 g6 3. c4 e6 4. d4 Bg7 5. Nc3 Ne7 6. Bf4 a6 7. Nf3 c5 8. e3 Nbc6 9. dxc5 Qa5 10. Qd2 0-0 11. 0-0 Qxc5 12. Na4 Qa7 13. Bd6 b5 14. Bc5 Qc7 15. Nb6 Rb8 16. cxd5 Ne5 17. Rac1 Nc4 18. Bxe7 Qxe7 19. Nxc4 bxc4 20. Nd4 Bb7 21. dxe6 fxe6 22. Rxc4 Bxg2 23. Kxg2 Qb7+ 24. Kg1 Bxd4 25. Qxd4 Qxb2 26. Qxb2 Rxb2 27. Rc6 Rxa2 28. Rxe6 a5 29. Ra6 Rd8 30. Rc1 Rd7 31. Rc5 Rd1+ 32. Kg2 Rdd2 33. Rf6 a4 34. g5 Rd7 35. Ra5 Rf7 36. Rxf7 Kxf7 37. Ra7+ Kg8 38. e4 a3 39. Kf3 Ra1 40. Kf4 a2 41. Ke5 Kf8 42. Kf6 Ke8 43. e5 1-0

[Event "Leamington Spa 4NCL op 25th"]
[Site "Leamington Spa"]
[Date "2021.07.10"]
[Round "2"]
[White "Kesterson, Kennan"]
[Black "Balaji, Aaravamudhan"]
[Result "0-1"]
[WhiteElo "1801"]
[BlackElo "2206"]
[PlyCount "128"]
[EventDate "2021.07.09"]
[EventType "swiss"]
[EventRounds "5"]
[EventCountry "ENG"]
[SourceTitle "CBM 203 Extra"]
[Source "ChessBase"]
[SourceDate "2021.09.30"]
[SourceVersion "1"]
[SourceVersionDate "2021.09.30"]
[SourceQuality "1"]

1. e4 e5 2. Nf3 Nc6 3. Bc4 Nf6 4. d3 Be7 5. 0-0 0-0 6. Re1 d6 7. a4 Be6 8. Nbd2 Na5 9. c3 Nxc4 10. Nxc4 c5 11. Ne3 h6 12. c4 Qd7 13. h3 Ne8 14. g4 g6 15. Kh2 Kh7 16. Qd2 Rh8 17. Rg1 Bg5 18. Nxg5+ hxg5 19. Qe2 Kg8 20. Nd5 Bxd5 21. exd5 f6 22. Rg3 a5 23. Bd2 Nc7 24. Qf3 Kg7 25. b3 Ra6 26. Kg2 Na8 27. Qe4 Nb6 28. Qe1 Rha8 29. Qe3 Rh8 30. Qe1 Nc8 31. Qe3 Ne7 32. Bc3 Ng8 33. Qd2 b6 34. Qe3 Nh6 35. Rg1 Nf7 36. Kf1 Raa8 37. Bb2 Rh4 38. R1g2 Rah8 39. Rg1 Kf8 40. Bc1 f5 41. gxf5 gxf5 42. Rxg5 f4 43. Qe4 Qxh3+ 44. Ke2 Nxg5 45. Rxg5 f3+ 46. Qxf3+ Qxf3+ 47. Kxf3 Rh1 48. Be3 Rb1 49. Rg6 Ke7 50. Bg5+ Kd7 51. Rg7+ Kc8 52. Be7 Rh6 53. Bg5 Rh3+ 54. Ke4 Rg1 55. Kf5 Rf3+ 56. Ke6 Rxf2 57. Kxd6 Rfg2 58. Rc7+ Kb8 59. Bd8 Rg8 60. Kc6 R1g6+ 61. d6 Rxd8 62. Rd7 Rxd7 63. Kxd7 Kb7 64. Ke8 Rxd6 0-1

[Event "BCF-chT4S 1819 (4NCL)"]
[Site "England"]
[Date "2019.02.10"]
[Round "6.131"]
[White "Cannon, Richard James"]
[Black "Kesterson, Kennan"]
[Result "1-0"]
[WhiteElo "2010"]
[BlackElo "1892"]
[PlyCount "95"]
[EventDate "2018.11.17"]
[EventType "team-swiss"]
[EventRounds "11"]
[EventCountry "ENG"]
[SourceTitle "EXT 2021"]
[Source "ChessBase"]
[SourceDate "2020.10.23"]
[SourceVersion "1"]
[SourceVersionDate "2020.10.23"]
[SourceQuality "1"]
[WhiteTeam "Rook & Roll"]
[BlackTeam "Barnet Knights II"]
[WhiteTeamCountry "ENG"]
[BlackTeamCountry "ENG"]

1. e4 e6 2. Nf3 d5 3. Nc3 Nf6 4. e5 Nfd7 5. d4 c5 6. dxc5 Bxc5 7. Bd3 Nc6 8. Bf4 f6 9. exf6 Nxf6 10. Qe2 a6 11. 0-0-0 Bd6 12. Ne5 Qc7 13. Rhe1 Nxe5 14. Bxe5 Bxe5 15. Qxe5 Qxe5 16. Rxe5 Ng4 17. Re2 0-0 18. f3 Nf6 19. Na4 Kf7 20. Rde1 Re8 21. Nb6 Rb8 22. g4 h6 23. h4 g5 24. hxg5 hxg5 25. Re5 Rg8 26. Nxc8 Rbxc8 27. Rxe6 Rge8 28. Bf5 Rcd8 29. a4 Rxe6 30. Rxe6 Re8 31. Rb6 Rb8 32. a5 Ke7 33. b4 d4 34. Re6+ Kf7 35. Rd6 Ke7 36. Rxd4 Rd8 37. Rxd8 Kxd8 38. c4 Kc7 39. Kd2 Kc6 40. Ke3 b6 41. axb6 Kxb6 42. f4 gxf4+ 43. Kxf4 a5 44. bxa5+ Kxa5 45. Ke5 Ng8 46. Ke6 Kb4 47. g5 Kxc4 48. Kf7 1-0

[Event "London Classic U2050 op 10th"]
[Site "London"]
[Date "2018.12.15"]
[Round "2"]
[White "Willis, Richard"]
[Black "Kesterson, Kennan"]
[Result "1-0"]
[WhiteElo "1876"]
[BlackElo "1764"]
[PlyCount "61"]
[EventDate "2018.12.14"]
[EventType "swiss"]
[EventRounds "5"]
[EventCountry "ENG"]
[SourceTitle "CBM 187 Extra"]
[Source "ChessBase"]
[SourceDate "2018.11.04"]
[SourceVersion "1"]
[SourceVersionDate "2018.11.04"]
[SourceQuality "1"]

1. d4 Nf6 2. c4 g6 3. Nc3 Bg7 4. e4 d6 5. Be2 0-0 6. Be3 e5 7. d5 Nbd7 8. g4 Nc5 9. f3 a5 10. Qd2 Ne8 11. h4 f5 12. exf5 gxf5 13. g5 f4 14. Bxc5 dxc5 15. Bd3 Nd6 16. 0-0-0 Bf5 17. Nh3 Bxd3 18. Qxd3 Nf5 19. Nf2 Qe7 20. Nce4 Rad8 21. h5 h6 22. gxh6 Nxh6 23. Rdg1 Rf5 24. Ng4 Kh8 25. Nxh6 Bxh6 26. Rg6 Kh7 27. Nf6+ Rxf6 28. Rxf6+ e4 29. Qxe4+ Qxe4 30. fxe4 Re8 31. Re1 1-0

[Event "BCF-ch U14"]
[Site "Hull"]
[Date "2018.08.04"]
[Round "7"]
[White "Kesterson, Kennan"]
[Black "Sanitt, Leo"]
[Result "1/2-1/2"]
[WhiteElo "1639"]
[BlackElo "1702"]
[PlyCount "64"]
[EventDate "2018.07.29"]
[EventType "swiss"]
[EventRounds "7"]
[EventCountry "ENG"]
[SourceTitle "CBM 186 Extra"]
[Source "ChessBase"]
[SourceDate "2018.08.24"]
[SourceVersion "1"]
[SourceVersionDate "2018.08.24"]
[SourceQuality "1"]

1. e4 e6 2. d4 d5 3. Nd2 c5 4. exd5 Qxd5 5. Ngf3 cxd4 6. Bc4 Qd6 7. 0-0 Nf6 8. Nb3 Nc6 9. Nbxd4 Nxd4 10. Nxd4 a6 11. c3 Bd7 12. Re1 Qc7 13. Bd3 Bd6 14. g3 0-0 15. Bg5 Be7 16. Qc2 h6 17. Bf4 Bd6 18. Bxd6 Qxd6 19. Nf3 Rac8 20. Rad1 Qb6 21. Ne5 Rc7 22. Qb3 Qxb3 23. axb3 Bc6 24. Nxc6 Rxc6 25. Be4 Nxe4 26. Rxe4 Rc7 27. Red4 Rfc8 28. Rd7 Kf8 29. Kf1 Ke8 30. R7d4 Ke7 31. Ke2 Rc5 32. Rd7+ Kf6 1/2-1/2

[Event "GBR-ch 105th U2050"]
[Site "Hull"]
[Date "2018.08.02"]
[Round "4"]
[White "Bryant, Richard BE"]
[Black "Kesterson, Kennan"]
[Result "1-0"]
[WhiteElo "1944"]
[BlackElo "1639"]
[PlyCount "61"]
[EventDate "2018.07.30"]
[EventType "swiss"]
[EventRounds "5"]
[EventCountry "ENG"]
[SourceTitle "EXT 2019"]
[Source "ChessBase"]
[SourceDate "2018.10.10"]
[SourceVersion "1"]
[SourceVersionDate "2018.10.10"]
[SourceQuality "1"]

1. e4 e6 2. d4 d5 3. Nc3 Bb4 4. e5 c5 5. a3 Bxc3+ 6. bxc3 Ne7 7. Qg4 Qc7 8. Qxg7 Rg8 9. Qxh7 cxd4 10. Ne2 dxc3 11. f4 Nbc6 12. Qd3 d4 13. Nxd4 Nxd4 14. Qxd4 Bd7 15. Qf2 Nf5 16. Rg1 Qc6 17. Bd3 Qd5 18. Bxf5 exf5 19. Be3 Bc6 20. Rd1 Qa5 21. Bc5 Rd8 22. Bd6 Qa4 23. Rd4 Qb5 24. Qh4 Rd7 25. Qh7 Rf8 26. Qxf5 Qb6 27. Qd3 Rxd6 28. exd6 Kd8 29. Kf2 Qc5 30. Re1 Bb5 31. Qe3 1-0

[Event "BCF-ch U14"]
[Site "Hull"]
[Date "2018.07.31"]
[Round "3"]
[White "Rathbone Jones, Ifan"]
[Black "Kesterson, Kennan"]
[Result "1/2-1/2"]
[WhiteElo "1703"]
[BlackElo "1639"]
[PlyCount "83"]
[EventDate "2018.07.29"]
[EventType "swiss"]
[EventRounds "7"]
[EventCountry "ENG"]
[SourceTitle "CBM 186 Extra"]
[Source "ChessBase"]
[SourceDate "2018.08.24"]
[SourceVersion "1"]
[SourceVersionDate "2018.08.24"]
[SourceQuality "1"]

1. d4 Nf6 2. Bf4 g6 3. e3 Bg7 4. Bd3 d6 5. h3 0-0 6. Nf3 Nbd7 7. c4 Re8 8. e4 e5 9. dxe5 Nxe5 10. Nxe5 dxe5 11. Be3 c6 12. Nc3 Qc7 13. 0-0 Nh5 14. Re1 Be6 15. Qc2 Rad8 16. Bf1 f5 17. exf5 gxf5 18. Qe2 Nf6 19. Bg5 Bf7 20. Qf3 Bg6 21. Qe3 b6 22. a4 a5 23. c5 f4 24. cxb6 fxe3 25. bxc7 exf2+ 26. Kxf2 Rd7 27. Bc4+ Bf7 28. Bxf7+ Kxf7 29. Rac1 Rc8 30. Kg1 Rcxc7 31. Rxe5 Nd5 32. Nxd5 Bxe5 33. Nxc7 Rxc7 34. Bd8 Rc8 35. Bxa5 Bxb2 36. Rf1+ Kg6 37. Bb6 Ra8 38. Rf4 Ra6 39. Rc4 Rxb6 40. Kf2 Kf5 41. g4+ Ke6 42. Kf3 1/2-1/2

[Event "BCF-ch U14"]
[Site "Hull"]
[Date "2018.07.30"]
[Round "2"]
[White "Kesterson, Kennan"]
[Black "Wang, Susie"]
[Result "1-0"]
[WhiteElo "1639"]
[BlackElo "1780"]
[PlyCount "91"]
[EventDate "2018.07.29"]
[EventType "swiss"]
[EventRounds "7"]
[EventCountry "ENG"]
[SourceTitle "CBM 186 Extra"]
[Source "ChessBase"]
[SourceDate "2018.08.24"]
[SourceVersion "1"]
[SourceVersionDate "2018.08.24"]
[SourceQuality "1"]

1. e4 e5 2. Nf3 Nc6 3. Bc4 Bc5 4. c3 Nf6 5. d3 d6 6. Bb3 Qe7 7. h3 Bb6 8. Qe2 Be6 9. Be3 Bxb3 10. axb3 d5 11. Bxb6 cxb6 12. Nbd2 0-0 13. 0-0 Rfe8 14. Rfe1 Rad8 15. Rad1 d4 16. Nh4 g6 17. Kh2 dxc3 18. bxc3 Qc5 19. Nc4 Qb5 20. Qc2 Na5 21. Nxa5 bxa5 22. Re3 Qc6 23. Rf3 Qd6 24. Re1 Re7 25. Qc1 Re6 26. g4 Qf8 27. Qg5 Qg7 28. Rg1 h6 29. Qe3 Qf8 30. Nf5 Kh7 31. Nxh6 Rd7 32. g5 Nh5 33. Ng4 b6 34. d4 exd4 35. cxd4 Qd6+ 36. e5 Qxd4 37. Qxd4 Rxd4 38. Rxf7+ Kg8 39. Nh6+ Kh8 40. Rc1 Ng7 41. Rcc7 Rh4 42. Rxg7 Rxh6 43. gxh6 Re8 44. Rh7+ Kg8 45. Rcg7+ Kf8 46. Rh8# 1-0

[Event "BCF-chT4S 1718 (4NCL)"]
[Site "England"]
[Date "2018.02.11"]
[Round "6.115"]
[White "Woods, Timothy J"]
[Black "Kesterson, Kennan"]
[Result "0-1"]
[WhiteElo "1642"]
[BlackElo "1524"]
[PlyCount "44"]
[EventDate "2017.11.11"]
[EventType "team-swiss"]
[EventRounds "11"]
[EventCountry "ENG"]
[SourceTitle "EXT 2020"]
[Source "ChessBase"]
[SourceDate "2019.10.17"]
[SourceVersion "1"]
[SourceVersionDate "2019.10.17"]
[SourceQuality "1"]
[WhiteTeam "Sussex Martlets III"]
[BlackTeam "Barnet Knights II"]
[WhiteTeamCountry "ENG"]
[BlackTeamCountry "ENG"]

1. e4 e6 2. d4 d5 3. Nc3 Bb4 4. e5 c5 5. a3 Bxc3+ 6. bxc3 Ne7 7. Qg4 Qc7 8. Qxg7 Rg8 9. Qxh7 cxd4 10. Ne2 Nbc6 11. f4 Bd7 12. Qd3 dxc3 13. Nxc3 a6 14. Rb1 0-0-0 15. Qxa6 Nf5 16. Qa8+ Qb8 17. Qxb8+ Kxb8 18. Rg1 Ncd4 19. Kd1 Rc8 20. Bb2 Ne3+ 21. Ke1 Ndxc2+ 22. Kf2 Ng4+ 0-1

[Event "BCF-chT4S 1718 (4NCL)"]
[Site "England"]
[Date "2017.11.12"]
[Round "2.56"]
[White "Mashayekh, Majid"]
[Black "Kesterson, Kennan"]
[Result "1-0"]
[WhiteElo "1913"]
[BlackElo "1524"]
[PlyCount "77"]
[EventDate "2017.11.11"]
[EventType "team-swiss"]
[EventRounds "11"]
[EventCountry "ENG"]
[SourceTitle "EXT 2020"]
[Source "ChessBase"]
[SourceDate "2019.10.17"]
[SourceVersion "1"]
[SourceVersionDate "2019.10.17"]
[SourceQuality "1"]
[WhiteTeam "CSC Dragons II"]
[BlackTeam "Barnet Knights II"]
[WhiteTeamCountry "ENG"]
[BlackTeamCountry "ENG"]

1. c4 Nf6 2. Nc3 g6 3. g3 Bg7 4. Bg2 d6 5. e4 e5 6. Nge2 Nc6 7. 0-0 0-0 8. d3 Nh5 9. Nd5 f5 10. exf5 gxf5 11. Nec3 Nf6 12. Bg5 Nd4 13. Nb5 Ne6 14. Nxf6+ Bxf6 15. Bd2 c6 16. Nc3 Kh8 17. Ne2 Rg8 18. Bc3 f4 19. Kh1 Bd7 20. d4 Rg7 21. dxe5 Bxe5 22. Bxe5 dxe5 23. Qd6 Qf6 24. Ng1 Rd8 25. Rae1 Rg5 26. Nf3 Rh5 27. Rxe5 Rxe5 28. Qxe5 Qxe5 29. Nxe5 Be8 30. Re1 fxg3 31. hxg3 Ng7 32. Nf3 Bg6 33. Re7 Rb8 34. Ne5 Bb1 35. a3 Re8 36. Nf7+ Kg8 37. Rxb7 Rf8 38. Nh6+ Kh8 39. Bxc6 1-0

[Event "GBR-ch U1750 op 104th"]
[Site "Llandudno"]
[Date "2017.08.01"]
[Round "2"]
[White "Fowler, David J"]
[Black "Kesterson, Kennan"]
[Result "1/2-1/2"]
[WhiteElo "1659"]
[BlackElo "1392"]
[PlyCount "44"]
[EventDate "2017.07.31"]
[EventType "swiss"]
[EventRounds "5"]
[EventCountry "WLS"]
[SourceTitle "EXT 2019"]
[Source "ChessBase"]
[SourceDate "2018.10.10"]
[SourceVersion "1"]
[SourceVersionDate "2018.10.10"]
[SourceQuality "1"]

1. e4 e6 2. d4 d5 3. exd5 exd5 4. Bd3 Bd6 5. Nf3 Ne7 6. 0-0 Nbc6 7. c3 Bg4 8. h3 Bh5 9. Re1 Bg6 10. Ne5 Nxe5 11. dxe5 Bc5 12. Be3 Bb6 13. Bxb6 axb6 14. Na3 0-0 15. Nb5 Bxd3 16. Qxd3 Ng6 17. Nd4 Nf4 18. Qg3 Ne6 19. a3 Qg5 20. Re3 Qxg3 21. Rxg3 Nxd4 22. cxd4 c5 1/2-1/2

[Event "GBR-ch U1750 op 104th"]
[Site "Llandudno"]
[Date "2017.07.31"]
[Round "1"]
[White "Kesterson, Kennan"]
[Black "Rowles, Sarah"]
[Result "1-0"]
[WhiteElo "1392"]
[BlackElo "1623"]
[PlyCount "31"]
[EventDate "2017.07.31"]
[EventType "swiss"]
[EventRounds "5"]
[EventCountry "WLS"]
[SourceTitle "EXT 2019"]
[Source "ChessBase"]
[SourceDate "2018.10.10"]
[SourceVersion "1"]
[SourceVersionDate "2018.10.10"]
[SourceQuality "1"]

1. e4 c5 2. Nf3 Nc6 3. d4 cxd4 4. Nxd4 e5 5. Nf3 Nf6 6. Nbd2 Bc5 7. Bc4 d5 8. exd5 Nxd5 9. Ne4 Bxf2+ 10. Nxf2 Be6 11. 0-0 0-0 12. Ng5 Qd6 13. Bxd5 Bxd5 14. c4 Nb4 15. cxd5 Rac8 16. Nge4 1-0

[Event "London Classic op U1600 8th"]
[Site "London"]
[Date "2016.12.11"]
[Round "5"]
[White "Vaidya, Raghav"]
[Black "Kesterson, Kennan"]
[Result "1/2-1/2"]
[WhiteElo "1090"]
[BlackElo "1327"]
[PlyCount "81"]
[EventDate "2016.12.09"]
[EventType "swiss"]
[EventRounds "5"]
[EventCountry "ENG"]
[SourceTitle "EXT 2019"]
[Source "ChessBase"]
[SourceDate "2018.10.10"]
[SourceVersion "1"]
[SourceVersionDate "2018.10.10"]
[SourceQuality "1"]

1. Nf3 d5 2. g3 c5 3. d4 Nf6 4. Bg2 Nc6 5. c3 b6 6. 0-0 g6 7. Bf4 Bg7 8. Ne5 Bb7 9. Nd2 cxd4 10. Nxc6 Bxc6 11. cxd4 0-0 12. Rc1 Rc8 13. Bh3 e6 14. Nf3 Bb7 15. Qa4 a5 16. Rxc8 Bxc8 17. Rc1 Nh5 18. Bc7 Qd7 19. Qxd7 Bxd7 20. Bxb6 Rb8 21. Bxa5 Rxb2 22. e3 Rxa2 23. Bc7 Ra8 24. Re1 Nf6 25. Nd2 Ra2 26. Nb3 Ne4 27. f3 Ng5 28. Bg2 f5 29. h4 Nf7 30. f4 Ra7 31. Ba5 Ba4 32. Bb6 Rb7 33. Nc5 Rxb6 34. Nxa4 Rc6 35. Nc5 Bf8 36. Nd3 Rc3 37. Bf1 Bd6 38. Rc1 Rxc1 39. Nxc1 Nh6 40. Bh3 Nf7 41. g4 1/2-1/2